[Event "St Petersburg Korchnoi Memorial op"]
[Site "St Petersburg"]
[Date "2024.08.20"]
[Round "7"]
[White "Omelchenko, Bogdan"]
[Black "Tiulyagin, Matvey"]
[Result "0-1"]
[WhiteElo "1000"]
[BlackElo "1668"]
[PlyCount "94"]
[EventDate "2024.08.17"]
[EventType "swiss"]
[EventRounds "9"]
[EventCountry "RUS"]
[SourceTitle "EXT 2025"]
[Source "ChessBase"]
[SourceDate "2024.10.14"]
[SourceVersion "1"]
[SourceVersionDate "2024.10.14"]
[SourceQuality "1"]

1. e4 e6 2. d4 b6 3. Bd3 Bb7 4. Nf3 Nf6 5. Qe2 d5 6. e5 Ne4 7. Nbd2 Nxd2 8. Bxd2 c5 9. c3 Be7 10. h4 h6 11. h5 Nc6 12. Rh3 cxd4 13. Nxd4 Qc7 14. Nxc6 Bxc6 15. Rg3 Bf8 16. Rc1 0-0-0 17. Rg4 Kb8 18. a4 Be8 19. Rg3 Bxa4 20. Ra1 Bb3 21. Bb5 Bc4 22. Bxc4 dxc4 23. Rg4 b5 24. Be3 a5 25. Bd4 a4 26. Qe3 Qc6 27. Rd1 Kb7 28. Kf1 Rg8 29. Qf4 Rd7 30. Ra1 Bc5 31. Qg3 Bxd4 32. cxd4 g5 33. hxg6 Rxg6 34. Rxg6 fxg6 35. Rd1 Qe4 36. Qc3 Kb6 37. f3 Qh4 38. Rd2 Qe7 39. Qe3 g5 40. Ke2 Rd5 41. Qc3 Rd7 42. Qe3 Ka5 43. f4 gxf4 44. Qxf4 Qg7 45. Qf3 Rf7 46. Qc3+ Ka6 47. Kd1 Rf1+ 0-1